TOP 3 sezonu 2024/2025 w wybranych ligach - Statystyki

Ogólne statystyki
  • Ten quiz został rozwiązany 40 razy
  • Średni wynik to 23 z 30
Statystyki odpowiedzi
Kluby % Poprawnych
Atlético Madryt
97%
Bayern Monachium
97%
FC Liverpool
97%
FC Porto
97%
Inter Mediolan
97%
Paris Saint-Germain
97%
Real Madryt
97%
Sporting
97%
Arsenal
94%
Bayer Leverkusen
94%
FC Barcelona
94%
Lech Poznań
94%
Raków Częstochowa
94%
SSC Napoli
94%
Manchester City
92%
Ajax Amsterdam
89%
Jagiellonia Białystok
89%
Benfica Lizbona
86%
Atalanta
78%
PSV Eindhoven
78%
AS Monaco
69%
Eintracht Frankfurt
64%
Galatasaray
64%
Fenerbahce
56%
Feyenoord Rotterdam
56%
Olympique Marsylia
56%
KRC Genk
53%
Samsunspor
19%
Union Saint-Gilloise
17%
FC Brügge
11%
Nie znaleziono quizów pasujących do podanych kryteriów
Rozkład punktacji
Procent ludzi z każdym wynikiem
Percentyl według liczby udzielonych odpowiedzi
Twoja historia wyników
Nie rozwiązałeś tego quizu